Identidad indígena en Guatemala una crítica de modelos norteamericanos / (Registro nro. 64)
[ vista simple ]
| 000 -LEADER | |
|---|---|
| campo de control de longitud fija | 01762nab a2200241 c 4500 |
| 001 - NÚMERO DE CONTROL | |
| campo de control | 64 |
| 003 - IDENTIFICADOR DE NÚMERO DE CONTROL | |
| campo de control | gtuscu |
| 005 - FECHA Y HORA DE LA ÚLTIMA TRANSACCIÓN | |
| campo de control | 20241114095639.0 |
| 007 - CAMPO FIJO DE DESCRIPCIÓN FÍSICA--INFORMACIÓN GENERAL | |
| campo de control de longitud fija | ta |
| 008 - DATOS DE LONGITUD FIJA--INFORMACIÓN GENERAL | |
| campo de control de longitud fija | 241025b1997 gt f||j|r|||| 00| 0spa d |
| 022 ## - NÚMERO INTERNACIONAL NORMALIZADO PARA PUBLICACIONES SERIADAS | |
| Número Internacional Normalizado para Publicaciones Seriadas | 02529963 |
| 040 ## - FUENTE DE CATALOGACIÓN | |
| Centro catalogador/agencia de origen | gtuscu |
| Lengua de catalogación | spa |
| Centro/agencia transcriptor | gtuscu |
| Centro/agencia modificador | gtuscu |
| Normas de descripción | rda |
| 100 1# - ENTRADA PRINCIPAL--NOMBRE DE PERSONA | |
| Nombre de persona | Warren, Kay B. |
| Término indicativo de función/relación | autor |
| 245 1# - MENCIÓN DEL TÍTULO | |
| Título | Identidad indígena en Guatemala una crítica de modelos norteamericanos / |
| Mención de responsabilidad, etc. | Kay B. Warren. |
| 264 ## - PRODUCCIÓN, PUBLICACIÓN, DISTRIBUCIÓN, FABRICACIÓN Y COPYRIGHT | |
| Producción, publicación, distribución, fabricación y copyright | Antigua Guatemala, Guatemala : |
| Nombre del de productor, editor, distribuidor, fabricante | Centro de Investigaciones Regionales de Mesoamérica y Plumsock Mesoamerican Studies, |
| Fecha de producción, publicación, distribución, fabricación o copyright | 1997. |
| 300 ## - DESCRIPCIÓN FÍSICA | |
| Extensión | páginas 73-91 : |
| Otras características físicas | 25.5 cm |
| 500 ## - NOTA GENERAL | |
| Nota general | Número especial: Aspectos étnicos y religiosos. |
| 520 3# - RESUMEN, ETC. | |
| Sumario, etc. | En este ensayo se examina las formulaciones notablemente distintas que los antropólogos norteamericanos desarrollaron en los años setenta y ochenta para comprender la identidad y la diversidad cultural indígenas de Mesoamérica.<br/>Tras una crítica a estos enfoques, se pasa a analizar perspectivas antropológicas más recientes que destacan como fuentes de crítica y resistencia culturales tanto como el carácter de agentes de las comunidades locales como la importancia de la cultura local. La muestra los contrastes entre las diferentes elecciones que han hecho comunidades indígenas de Perú y de Guatemala al responder con sus propios planes y objetivos al racismo y a los desafíos del cambio social.<br/> |
| 546 ## - NOTA DE IDIOMA | |
| Nota de lengua/lenguaje | Título en Inglés: Indian Identity in Guatemala: A Critique of North American Models. |
| 650 14 - PUNTO DE ACCESO ADICIONAL DE MATERIA--TÉRMINO DE MATERIA | |
| Término de materia o nombre geográfico como elemento de entrada | Indígenas |
| Subdivisión geográfica | Guatemala |
| 773 ## - ASIENTO DE ITEM FUENTE | |
| Encabezamiento principal | Revista Mesoamérica |
| Lugar, editor y fecha de publicación | Antigua Guatemala, Guatemala, Centro de Investigaciones Regionales de Mesoamérica y Plumsock Mesoamerican Studies, 1997. |
| Parte(s) relacionada(s) | Año 18, número 33 |
| Descripción física | 340 páginas. |
| Número Internacional Normalizado para Publicaciones Seriadas | 02529963 |
| Número de control del registro | 45 |
| 942 ## - ELEMENTOS DE ENTRADA SECUNDARIOS (KOHA) | |
| Fuente de la clasificación o esquema de estantería | Clasificación Decimal Dewey |
| Tipo de ítem Koha | ANALITICA |
| Suprimir en OPAC | No |
| Estatus retirado | Estado de pérdida | Fuente de la clasificación o esquema de estantería | Estado de daño | No para préstamo | Colección | Biblioteca de origen | Biblioteca actual | Fecha de adquisición | Número de inventario | Total de préstamos | Signatura topográfica completa | Visto por última vez | Precio de reemplazo | Tipo de ítem Koha |
|---|---|---|---|---|---|---|---|---|---|---|---|---|---|---|
| Clasificación Decimal Dewey | Revista | BIBLIOTECA CEUR FLAVIO QUESADA SALDAÑA | BIBLIOTECA CEUR FLAVIO QUESADA SALDAÑA | 25/10/2024 | 16H-17042-2018 | Año 18, número 33, 1997 | 25/10/2024 | 25/10/2024 | ANALITICA |